The Shock Doctrine (Record no. 12768)

MARC details
000 -LEADER
fixed length control field 00324nam a22001457a 4500
003 - CONTROL NUMBER IDENTIFIER
control field OSt
020 ## - INTERNATIONAL STANDARD BOOK NUMBER
International Standard Book Number 9780141024530
082 ## - DEWEY DECIMAL CLASSIFICATION NUMBER
Classification number 330.122
Item number KLS
100 ## - MAIN ENTRY--PERSONAL NAME
Personal name KLEIN, Naomi
245 ## - TITLE STATEMENT
Title The Shock Doctrine
260 ## - PUBLICATION, DISTRIBUTION, ETC. (IMPRINT)
Place of publication, distribution, etc USA:
Name of publisher, distributor, etc Penguin Random house,
Date of publication, distribution, etc 2007.
300 ## - PHYSICAL DESCRIPTION
Extent 558p.
650 ## - SUBJECT ADDED ENTRY--TOPICAL TERM
Topical term or geographic name as entry element General Books
942 ## - ADDED ENTRY ELEMENTS (KOHA)
Source of classification or shelving scheme Dewey Decimal Classification
Koha item type Reference Books
Holdings
Withdrawn status Lost status Source of classification or shelving scheme Damaged status Not for loan Collection code Home library Current library Date acquired Source of acquisition Currency Cost, normal purchase price Bill Number Total Checkouts Full call number Acc. no. / Barcode Checked out Date last seen Date last borrowed Actual Cost, discounted price Bill Date Koha item type
    Dewey Decimal Classification     GENERAL PIET C-LIBRARY PIET C-LIBRARY 18/06/2024 Zafaa Books and Distributors In rupees 899.00 ZBD0076 1 330.122 KLS 37659 28/01/2025 12/07/2024 12/07/2024 584.35 18/06/2024 Text Books

Design & Developed by: PIET Central Library
R70 Miles Stone Pattikalyana Samalkha Panipat 132102
mail ID :- [email protected], Phone No:- 0180-2569700 Ex.216